Anatomía de los animales
Saved in:
| Main Authors: | , , |
|---|---|
| Format: | Bog |
| Sprog: | spansk |
| Udgivet: |
Barcelona
Elsevier España
1982
|
| Udgivelse: | 5a. ed |
| Fag: | |
| Tags: |
Tilføj Tag
Ingen Tags, Vær først til at tagge denne postø!
|
MARC
| LEADER | 00000cam a2200000 a 4500 | ||
|---|---|---|---|
| 001 | UCE4983 | ||
| 003 | CL-VaPUC | ||
| 008 | 141127e19820000sp |||||||||||||||||spa|d | ||
| 020 | |a 9788445807217o.c | ||
| 020 | |a 9788445807224t.1 | ||
| 082 | 0 | 4 | |a 591.4 |b SIS |2 21 |
| 100 | 0 | |a Sisson, Septimus |e author |9 577464 | |
| 700 | 0 | |a Grossman, James Daniels |e author |9 577465 | |
| 700 | 0 | |a Getty, Robert |e author |9 577466 | |
| 245 | 1 | 0 | |a Anatomía de los animales |
| 250 | |a 5a. ed | ||
| 300 | |a t | ||
| 942 | |c BK | ||
| 945 | |d 20141127 16:34:00 |a dcastane | ||
| 260 | |a Barcelona |b Elsevier España |c 1982 | ||
| 650 | 0 | |a Anatomía animal |9 338540 | |
| 650 | 0 | |a Animales |9 269820 | |
| 650 | 0 | |a Vertebrados |9 320144 | |
| 650 | 0 | |a Zoología |9 261613 | |
| 583 | |a last modification |c 20141127 16:34:00 |k Rodrigo Vera | ||
| 999 | |c 357835 |d 357833 | ||
| 952 | |0 0 |1 0 |3 erd |4 0 |6 591_400000000000000_SIS_1982 |7 0 |8 A |9 465932 |a BIBAGR |b BIBAGR |h t.1 |i 5125960 |l 1 |o 591.4 SIS 1982 |p 5125960 |r 2025-03-20 |s 2025-03-20 |w 2019-11-23 |y BK |z Catalogado en:20141127 |k AGR | ||